01772nam a22002177a 450000500170000000800410001702000180005804000070007604100120008308200210009510000310011624500660014726000540021330000260026736500550029352011250034865000240147365000260149765000110152370000200153420251208102955.0220826b ||||| |||| 00| 0 eng d a9788125055686 cAL aEnglish 223bKAMRa820.32 aMartin Kampchen and others aRabindranath Tagoreb: one Hundred years of Global Reception  aNew DelhibOrient Blackswan Private Limitedc2014 axix,671pbHBc23x15cm a3495b₹1677.00c₹d₹2150.00e22%f09/08/2022 aThe book examines how Rabindranath Tagore has been received globally from 1913, when he received the Nobel Prize for Literature for his English translation of Gitanjali, to this time. The essays arranged region-wise and continent wise deal with the translation of his writings, the impact of the poet’s visits to different countries and his subsequent standing in the world of letters. They show that his reception underwent dramatic metamorphoses and different political and social contexts and cultural movements responded to him differently. Quoting from the writings of his critics and other thinkers who examined Tagore’s works and with respect to many works of Tagore, they explore aspects like appreciation of ideas of Tagore in practical fields like educational philosophy, the role of personality of Tagore in disseminating his ideas, and response to his philosophy and notions such as his anti-war and anti-nationalist sentiments. Contents: Part one. East and South Asia part two. Middle East and Africa part three. Eastern and Central Europe part four. Northern and Western Europe part five. The Americas aRabindranath Tagore aHistory and Criticism aTravel aBangha, Imre ed